00473nam a22001577a 450000500170000001000150001702000260003203500140005803700130007208200080008510000160009324500630010926000430017227000790021530000210029420220425120727.0 aENG-132383 a9789350406367c275.00 aEN-115915 bDBAD/PUB a620 aMoorthy, P. aEngineering Counselling Guide/cD.N. Singh and Vishal Nath aErodebSelvakumaran Publicationsc2009 bErodea35, Kannudaiyam Palayam, Ganapathy Palyam Ganapathy Palayame638153 a334p.c24cm(pbk)